Statistics for Part Dos, of Guess the Fnaf songs

Click here to take the quiz!

General Stats

  • This quiz has been taken 107 times
  • The average score is 4 of 15

Answer Stats

Lyric UwUSong% Correct
I really hate you, stop getting in my way, Ive lost my patience when are you gonna decay?!-Song By The Living Tombstone (feat.EileMonty & Orko)Die in a Fire
91%
You Spent so many nights, But here's another five, you come to realize, evil doesnt die.-JT MusicAnother Five NIghts
57%
Shadows become the light, here where the monsters hide, Normal is just a dream-Song By TryHardNinjaDance to Forget
57%
_____ ___ ____ Oh one by one, Make your choice lets have some fun-DhuestaCount the Ways
40%
Everything's coming together, now erupting in terror, its glowing forever, the fear is growing,-Song By DheustaDarkest Desire
33%
You made monsters that feed on Innocence with my unknowing help and now it chills me to the bone the way you look at them,-Song By TryHardNinja & Not a Robotdisconnected
30%
Down to the Recesses of your nightmare, Find me waiting there of are you too scared? Rest in peace is not for me its not fair, so welcome to the show!-Song By TryHardNinjaDead but Not Burried
24%
you can hide, you can run, when i chase its always fun when you circulate around, the darkness that surrounds (YOU)-Song by ApangrypiggyAnother Round
22%
Hey now _________ We may just write another check, Torn apart put away, broken down, deactivate-GroundBreakingBack Again
15%
I Can't stop the ________ ____ _______.-TryHardNinjaBleeding into Reality
9%
Now we all know how this will end, a minute late got you coming back again, there's secrets in these halls, and mysteries that can't be solved, final bow or final stand-NateWantsToBattleCount the Teeth
9%
Here we are, Back again, For what may be, __________, Everything Comes down to this-La song by SkyfixingA bitter end
7%
Give me a chance to live, im only a kid, I want my mom and dad, but got a feeling they aren't here-Kyle Allen MusicA child like you (Remix)
7%
Actions come with consequences, you'll have to play with blood, All your Attempts to escape have been thwarted. where will you run to now-by NightCove_thefoxAgain
6%
I'm an anomaly, Spring Bonnie twisted, The tapes are honestly why I existed-Rockit GamingCorrupt
4%

Score Distribution

Percentile by Number Answered

Percent of People with Each Score

Your Score History

You have not taken this quiz